00586nam a2200169 i 4500001000700000003000900007007000300016008004100019100003600060245008400096250001200180260003400192300002800226852002200254999001900276952012100295147183ES-MaACLt|070924s1922 xxk ||||1| eng d1 aTutton, Alfred Edwin H.911178510aCrystallography and practical crystal mesurement / cby Alfred Edwin H. Tutton. a2ยช ed. aLondon : bMacmillan, c1922. a2 v. : bil. ; c23 cm. aES-MaACLj4264-65 c147183d147183 00104070aATENEOMbATENEOMcDEPOd2008-01-17eSCl0o4264-65p1153598r2023-02-23 00:00:00w2023-02-23yMONOGRAFIA